Online Catalogue and eLibrary

Aathhala Amathaka : (Record no. 5760)

MARC details
000 -LEADER
fixed length control field 00404nam a2200145Ia 4500
005 - DATE AND TIME OF LATEST TRANSACTION
control field 20250624034518.0
008 - FIXED-LENGTH DATA ELEMENTS--GENERAL INFORMATION
fixed length control field 240331s9999 xx 000 0 und d
020 ## - INTERNATIONAL STANDARD BOOK NUMBER
ISBN 9789551302344
082 ## - DDC Classification
Item Number - Author Mark AAT
Class No. 338
245 #0 - TITLE STATEMENT
Title Aathhala Amathaka :
Remainder of title Sri Lankawe Sankramanika Shamika Kanthawo
260 ## - PUBLICATION, DISTRIBUTION, ETC.
Place of publication, distribution, etc. Sri Lanka
Name of publisher, distributor, etc. Law and Social Trust
Date of publication, distribution, etc. 2010
300 ## - PHYSICAL DESCRIPTION
Extent (e.g. Volumes, Pages etc.) 121 p .,
700 ## - ADDED ENTRY--PERSONAL NAME
Personal name SkandaKumar, B.
Relator term (Role) Editor
942 ## - Koha item type (Biblio)
Koha item type Books in Stacks (Lending)
Holdings
Lost status Damaged status Collection code Home library Current library Shelving location Date acquired Full call number Accession Number Item type
    Lending WERC Library WERC Library Social Science Cupboard 03/31/2024 338.9 AAT 6649 Books in Stacks (Lending)

© WERC Library